000 00364nam a2200157Ia 4500
008 221030s9999 xx 000 0 und d
020 _a8172247427
041 _aEnglish
082 _a105.23
_bVan
100 _aWayne Vanwych
245 0 _aPure Selling : The Basics
260 _bJaico Pub.
_aNew Delhi
_c1999
300 _a210
650 _aGeneral
942 _cBK
999 _c7369
_d7369